| 000 | 00796nam a2200229 a 4500 | ||
|---|---|---|---|
| 001 | 18772 | ||
| 003 | CO-ViMGA | ||
| 008 | 141112s2004 ck r 000 u spa d | ||
| 020 | _a8495456699 | ||
| 040 |
_aCO-ViMGA _bspa _cCO-ViMGA |
||
| 082 | 0 | 4 | _a500 W651 |
| 100 | 1 |
_aWollard, Kathy _926770 |
|
| 245 | 1 | 0 | _aEl porque de las cosas |
| 260 |
_aBarcelona : _bOniro S.A.; 2001 |
||
| 300 | _a227 p. | ||
| 500 | _aRespuestas sencillas a preguntas sobre el universo y los cuerpos celestes; las leyes físicas y los fenomenos del mundo que nos rodea. | ||
| 590 | _aForma de adquisición : Premio Min - cultura | ||
| 650 | 1 | 4 |
_aCIENCIA - PREGUNTAS Y RESPUESTAS _926771 |
| 650 | 1 | 4 |
_aCLIMA - PREGUNTAS Y RESPUESTAS _926772 |
| 650 | 1 | 4 |
_aSISTEMA SOLAR - PREGUNTAS Y RESPUESTAS _926773 |
| 942 |
_2ddc _cBK |
||
| 999 |
_c28002 _d28002 |
||